| 000 | 01074cam a2200361 4500 | ||
|---|---|---|---|
| 001 | ABS65476 | ||
| 008 | 020520n2002 000 0 eng u | ||
| 035 | _a(Sirsi) u118042 | ||
| 245 | _aFocus 2002: Dorset, Hampshire, South Wilts | ||
| 260 | _c2002 | ||
| 490 |
_aEstates Gazette _v(0216) 20 April 2002, 101-149(21) |
||
| 590 | _aABS | ||
| 650 | _aPROPERTY-COMMERCIAL PROPERTY-OFFICE PROPERTY-OFFICE PROPERTY MARKET | ||
| 650 | _aRESIDENTIAL MARKET | ||
| 650 | _aPROPERTY-COMMERCIAL PROPERTY-RETAIL PROPERTY-RETAIL PROPERTY MARKET | ||
| 650 | _aLEISURE MARKET | ||
| 650 | _aINDUSTRIAL MARKET | ||
| 650 | _aSOUTH COAST OF ENGLAND | ||
| 650 | _aSOUTHAMPTON | ||
| 650 | _aPORTSMOUTH | ||
| 650 | _aISLE OF WIGHT | ||
| 650 | _aBASINGSTOKE | ||
| 650 | _aDORSET | ||
| 650 | _aHAMPSHIRE | ||
| 650 | _aSOUTH WILTSHIRE | ||
| 650 | _aBOURNEMOUTH | ||
| 650 | _aPOOLE | ||
| 650 | _aNEWPORT | ||
| 650 | _aWINCHESTER | ||
| 650 | _aCOMMERCIAL TO RESIDENTIAL CONVERSIONS | ||
| 690 | _aPROPERTY-COMMERCIAL PROPERTY-COMMERCIAL PROPERTY MARKET | ||
| 942 | _n0 | ||
| 999 |
_c70285 _d70285 |
||